| 000 | 00463nam a2200181Ia 4500 | ||
|---|---|---|---|
| 003 | GCL | ||
| 008 | 140319s9999 xx 000 0 eng d | ||
| 040 |
_aGCL / _cGCL |
||
| 082 | 0 | 4 |
_a892.76 _bA A |
| 100 | 1 | _aAL-KHARRAT, EDOWARD | |
| 245 | 1 | 0 |
_aALEXANDRIE TERRE DE SAFRAN / _cAL-KHARRAT, EDOWARD |
| 260 |
_a[S.N] : _bJULLIARD ، _c1990 |
||
| 300 | _a222 P | ||
| 650 | 0 | 4 | _aARABIC LITERATURE |
| 650 | 0 | 4 | _aFICTION |
| 650 | 0 | 4 | _aARABIC FICTION |
| 942 |
_2ddc _cBK |
||
| 999 |
_c14100 _d14100 |
||